[Event "IECC M email"]
[Site "IECC email"]
[Date "1999.03.06"]
[Round "?"]
[White "Ventimiglia, Charles"]
[Black "Sasaki, Gregory"]
[Result "1-0"]
[WhiteElo "1823"]
[BlackElo "1750"]
[PlyCount "33"]
[EventDate "1999.??.??"]
[EventType "tourn (corr)"]
[EventRounds "6"]
[SourceTitle "Corr 2008"]
[Source "ChessBase"]
[SourceDate "2008.06.24"]
[SourceVersion "1"]
[SourceVersionDate "2008.06.24"]
[SourceQuality "1"]

1. d4 d5 2. e4 e6 3. Nd2 c5 4. Ngf3 Nc6 5. dxc5 Bxc5 6. Nb3 Nge7 7. Nxc5 Qa5+ 8. c3 Qxc5 9. Be3 Qd6 10. exd5 Qxd5 11. Qa4 0-0 12. Rd1 Qa5 13. Qxa5 Nxa5 14. b4 Nac6 15. b5 Nb8 16. Bc5 b6 17. Bxe7 1-0